| 000 | 00915cam a22002531 4500 | ||
|---|---|---|---|
| 999 |
_c10010 _d10010 |
||
| 001 | 10010 | ||
| 003 | BD-JhCC | ||
| 005 | 20180404173246.0 | ||
| 008 | 180404s1967 enkab 000 0 eng | ||
| 035 |
_a(OCoLC)483985 _a(BD-JhCC)10010 |
||
| 040 |
_aDLC _cOClU _dOCoLC _dNjUN _dOCoLC _dDLC _dBD-JhCC |
||
| 041 | _aeng | ||
| 050 | 0 | 0 |
_aHD9576.A2 _bL6 1967 |
| 082 |
_a338.2/7/2820956 _bLON 1967 |
||
| 100 | 1 | _aLongrigg, Stephen Hemsley. | |
| 245 | 1 | 0 |
_aOil in the Middle East: _bits discovery and development / _cStephen Hemsley Longrigg, |
| 250 | _a3rd ed. | ||
| 260 |
_aLondon : _aNew York [etc.] _bissued under the auspices of the Royal Institute of International Affairs [by] Oxford U.P., _c1968 [i.e. 1967]. |
||
| 300 |
_axii, 519 p. _bmaps, tables. _c23 cm. |
||
| 650 | 0 |
_aPetroleum industry and trade _zMiddle East. |
|
| 710 | 2 | _aRoyal Institute of International Affairs. | |
| 942 |
_2ddc _cREF |
||